Media and communication in the third world / (Record no. 124015)
[ view plain ]
| 000 -LEADER | |
|---|---|
| fixed length control field | 00794nam a22002657a 4500 |
| 003 - CONTROL NUMBER IDENTIFIER | |
| control field | 0 |
| 005 - DATE AND TIME OF LATEST TRANSACTION | |
| control field | 20180808155005.0 |
| 008 - FIXED-LENGTH DATA ELEMENTS--GENERAL INFORMATION | |
| fixed length control field | 0 |
| 010 ## - LIBRARY OF CONGRESS CONTROL NUMBER | |
| LC control number | B-019347 |
| 020 ## - INTERNATIONAL STANDARD BOOK NUMBER | |
| Terms of availability | 00.00 |
| International Standard Book Number | 8173913331 |
| 035 ## - SYSTEM CONTROL NUMBER | |
| System control number | B-019347, B-019349, B-019352 |
| 037 ## - SOURCE OF ACQUISITION | |
| Source of stock number/acquisition | Cen Lib/Ret |
| 040 ## - CATALOGING SOURCE | |
| Original cataloging agency | DPL |
| Language of cataloging | EN |
| Transcribing agency | 0 |
| 082 ## - DEWEY DECIMAL CLASSIFICATION NUMBER | |
| Classification number | 302.23091724 |
| Item number | MED |
| 245 ## - TITLE STATEMENT | |
| Title | Media and communication in the third world / |
| Statement of responsibility, etc | edited by Zahid Hussain [and] Vanita Ray |
| 260 ## - PUBLICATION, DISTRIBUTION, ETC. (IMPRINT) | |
| Place of publication, distribution, etc | New Delhi |
| Name of publisher, distributor, etc | Kanika publishers |
| Date of publication, distribution, etc | 2000 |
| 270 ## - ADDRESS | |
| City | New Delhi |
| Address | 4697/5-21A, Ansari road, daryaganj |
| Postal code | 110002 |
| 300 ## - PHYSICAL DESCRIPTION | |
| Extent | 249p. |
| Dimensions | 21cm(Hb) |
| 500 ## - GENERAL NOTE | |
| General note | Includes index |
| 650 ## - SUBJECT ADDED ENTRY--TOPICAL TERM | |
| Topical term or geographic name as entry element | Journalism |
| 9 (RLIN) | 8911 |
| 650 ## - SUBJECT ADDED ENTRY--TOPICAL TERM | |
| Topical term or geographic name as entry element | Communication technology |
| 9 (RLIN) | 8912 |
| 700 ## - ADDED ENTRY--PERSONAL NAME | |
| Personal name | Hussain, Zahid |
| 9 (RLIN) | 8889 |
| 700 ## - ADDED ENTRY--PERSONAL NAME | |
| Personal name | Ray, Vanita |
| 9 (RLIN) | 8890 |
| 942 ## - ADDED ENTRY ELEMENTS (KOHA) | |
| Source of classification or shelving scheme | Dewey Decimal Classification |
| Koha item type | English Books |
| Classification part | B-019347 |
| Call number suffix | MED |
| Withdrawn status | Lost status | Damaged status | Not for loan | Home library | Current library | Date acquired | Source of acquisition | Cost, normal purchase price | Total Checkouts | Total Renewals | Full call number | Barcode | Date last seen | Date checked out | Copy number | Cost, replacement price | Price effective from | Koha item type | Source of classification or shelving scheme | Collection code |
|---|---|---|---|---|---|---|---|---|---|---|---|---|---|---|---|---|---|---|---|---|
| Central Library | Central Library | 13/06/2015 | Cen Lib/Ret | 0.00 | 1 | 2 | 302.23091724 MED | B-019347 | 23/09/2020 | 27/07/2020 | 1 | 0.00 | 13/06/2015 | English Books | ||||||
| Central Library | Central Library | 16/12/2016 | Cen Lib/Ret | 0.00 | 302.23091724 MED | B-019348 | 16/12/2016 | 2 | 16/12/2016 | English Books | Dewey Decimal Classification | |||||||||
| Patel Nagar | Patel Nagar | 25/07/2018 | BPPD/PUB | 0.00 | B-019347 MED | B-019349 | 25/07/2018 | 0.00 | 25/07/2018 | English Books | Dewey Decimal Classification | Non-fiction | ||||||||
| Shahdara Branch | Shahdara Branch | 08/08/2018 | BPPD/PUB | 0.00 | B-019347 MED | B-019352 | 08/08/2018 | 0.00 | 08/08/2018 | English Books | Dewey Decimal Classification | Non-fiction |
